El latín práctico.
保存先:
| 第一著者: | |
|---|---|
| フォーマット: | 図書 |
| 言語: | スペイン語 |
| 出版事項: |
Santiago, Chile
Walter Gnadt
1930
|
| 主題: | |
| タグ: |
タグ追加
タグなし, このレコードへの初めてのタグを付けませんか!
|
MARC
| LEADER | 00000nam a2200000 a 4500 | ||
|---|---|---|---|
| 001 | UCI6055 | ||
| 003 | CL-VaPUC | ||
| 005 | 20220624074351.0 | ||
| 008 | 080418e19300000CL |||||||||||||||||spa|d | ||
| 999 | |c 329658 |d 329656 | ||
| 040 | |c Pontificia Universidad Católica de Valparaíso | ||
| 082 | 0 | 4 | |a 475 COR 1930 |2 21 |
| 100 | 0 | |a Corral, José Manuel |9 528766 | |
| 245 | 1 | 3 | |a El latín práctico. |
| 260 | 0 | 3 | |a Santiago, Chile |b Walter Gnadt |c 1930 |
| 300 | |a 111 páginas | ||
| 500 | |a Donación Padres Capuchinos | ||
| 583 | |a last modification |c 20080418 00:00:00 |k Rodrigo Vera | ||
| 650 | 0 | |a Latín gramática |9 316252 | |
| 650 | 0 | |a Enseñanza del latín |9 367682 | |
| 650 | 0 | |a Enseñanza de idiomas |9 339820 | |
| 942 | |c BK |2 ddc | ||
| 945 | |d 20080418 00:00:00 |a rbrito | ||
| 952 | |0 0 |1 0 |2 ddc |4 0 |6 475_000000000000000_COR_1930 |7 0 |8 X |9 414640 |a FDOBUD |b FDOBUD |d 2019-11-22 |i 4407393 |o 475 COR 1930 |p 4407393 |r 2019-11-22 |t 1 |w 2019-11-22 |y BK_X |k BUD | ||
| 952 | |0 0 |1 0 |2 ddc |4 0 |6 475_000000000000000_COR_1930 |7 0 |8 X |9 414641 |a FDOBUD |b FDOBUD |d 2019-11-22 |i 4407407 |o 475 COR 1930 |p 4407407 |r 2019-11-22 |t 2 |w 2019-11-22 |y BK_X |k BUD | ||
| 952 | |0 0 |1 0 |2 ddc |4 0 |6 475_000000000000000_COR_1930 |7 0 |8 X |9 414642 |a FDOBUD |b FDOBUD |d 2019-11-22 |i 4407415 |o 475 COR 1930 |p 4407415 |r 2019-11-22 |t 3 |w 2019-11-22 |y BK_X |k BUD | ||
| 952 | |0 0 |1 0 |2 ddc |4 0 |6 475_000000000000000_COR_1930 |7 0 |8 X |9 414643 |a FDOBUD |b FDOBUD |d 2019-11-22 |i 4407423 |o 475 COR 1930 |p 4407423 |r 2019-11-22 |t 4 |w 2019-11-22 |y BK_X |k BUD | ||